Mi catecismo : (Record no. 77878)

MARC details
000 -LEADER
campo de control de longitud fija 00972nam a2200265 i 4500
001 - NÚMERO DE CONTROL
campo de control 77878
003 - IDENTIFICADOR DE NÚMERO DE CONTROL
campo de control ES-MaACL
005 - FECHA Y HORA DE LA ÚLTIMA TRANSACCIÓN
campo de control 20240418063110.0
007 - CAMPO FIJO DE DESCRIPCIÓN FÍSICA--INFORMACIÓN GENERAL
campo de control de longitud fija t|
008 - DATOS DE LONGITUD FIJA--INFORMACIÓN GENERAL
campo de control de longitud fija 041112s1935 sp ||||1| spa d
040 ## - FUENTE DE CATALOGACIÓN
Centro/agencia transcriptor ES-MaACL
080 ## - NÚMERO DE LA CLASIFICACIÓN DECIMAL UNIVERSAL
Número de la Clasificación Decimal Universal 087.5:238.1
100 1# - ENTRADA PRINCIPAL--NOMBRE DE PERSONA
Nombre de persona Quinet, Charles.
9 (RLIN) 94642
Término indicativo de función/relación Autor
245 10 - MENCIÓN DEL TÍTULO
Título Mi catecismo :
Resto del título primera iniciación cristiana por el método evangélico /
Mención de responsabilidad, etc. Carlos Quinet ; ilustraciones de Pedro Rousseau; versión castellana por Cipriano Montserrat.
260 ## - PUBLICACIÓN, DISTRIBUCIÓN, ETC.
Lugar de publicación, distribución, etc. Barcelona :
Nombre del editor, distribuidor, etc. José Vilamana,
Fecha de publicación, distribución, etc. 1935.
300 ## - DESCRIPCIÓN FÍSICA
Extensión 92 páginas :
Otras características físicas ilustraciones ;
Dimensiones 22 cm
650 #0 - PUNTO DE ACCESO ADICIONAL DE MATERIA--TÉRMINO DE MATERIA
Término de materia o nombre geográfico como elemento de entrada Catequesis-
9 (RLIN) 235838
Subdivisión de forma Manuales para niños-
Subdivisión general Iglesia Evangélica Española
655 #7 - TERMINO DE INDIZACIÓN--GENERO/FORMA
9 (RLIN) 234608
Datos o término principal de género/forma Catecismos
700 1# - ENTRADA AGREGADA--NOMBRE PERSONAL
Nombre de persona Rousseau, Pedro.
9 (RLIN) 100060
Término indicativo de función/relación Ilustrador
700 1# - ENTRADA AGREGADA--NOMBRE PERSONAL
Nombre de persona Montserrat, Cipriano.
9 (RLIN) 82736
Término indicativo de función/relación Traductor
852 ## - LOCALIZACIÓN
Ubicación ES-MaACL
Sublocalización o colección R.133683
Ubicación en estantería Depósito 2
Número de control de estantería E-10355
942 ## - ELEMENTOS DE ENTRADA SECUNDARIOS (KOHA)
Tipo de ítem Koha Libro impreso
Suprimir en OPAC No
Holdings
Estatus retirado Estado de pérdida Estado de daño No para préstamo Biblioteca de origen Biblioteca actual Ubicación en estantería Fecha de adquisición Fuente de adquisición Total de préstamos Signatura topográfica completa Código de barras Visto por última vez Precio de reemplazo Tipo de ítem Koha
        Biblioteca del Ateneo de Madrid Biblioteca del Ateneo de Madrid Depósito 2 17/01/2008     E-10355 1081474 23/02/2023 23/02/2023 Libro impreso